| 000 | 00896nam a2200301 i 4500 | ||
|---|---|---|---|
| 001 | 34946 | ||
| 003 | BD-RjUL | ||
| 005 | 20211209052233.0 | ||
| 008 | 140520s1976 onc b 000 0 eng | ||
| 020 | _a0773021620 : | ||
| 035 | _a(BD-RjUL)35040 | ||
| 040 |
_aDLC _cDLC _dDLC _dBD-RjUL _beng |
||
| 041 | _aeng | ||
| 082 | 0 | 0 |
_a309.171064 _bCAN 1976 |
| 100 | 1 |
_d- _9106378 |
|
| 245 | 1 | 0 |
_aCanada : _ba sociological profile / _cedited by W. E. Mann, Les Wheatcroft. |
| 250 | _a3rd ed. | ||
| 260 |
_aToronto : _bCopp Clark Pub., _c1976. |
||
| 300 |
_a365 p. ; _c24 cm. |
||
| 500 | _aAppendix (p. 364-365): War Measures Act. | ||
| 504 | _aIncludes bibliographies. | ||
| 651 | 0 |
_aCanada _xSocial conditions. _985824 |
|
| 700 | 1 |
_aWheatcroft, Les, _d1946- _9106379 |
|
| 700 | 1 |
_aMann, W. E. _q(William Edward), _9106380 |
|
| 942 |
_2ddc _cBK |
||
| 999 |
_c34946 _d34946 |
||